000 00574nam a22001817a 4500
005 20150319164350.0
010 _aENG-112187
020 _a9789350099605
_c350.00
035 _aEN-95719
037 _bDBAD/PUB
082 _a270.0954
100 _aGupta, Shishir
245 _aIndian Mujahideen :
_cby Shishir Gupta
_bthe enemy within /
260 _aGurgaon
_bHachette Book Publishing
_c2011
270 _a4th & 5th Floor, Corporate Centre, Plot No.94, Sector -44
_bGurgaon
_e122003
300 _axiv,248p.
_c21cm(pbk)
942 _2ddc
_cEN
_mGUP
_h270.0954
999 _c91482
_d91482